| 000 | 01042cam a22002533a 4500 | ||
|---|---|---|---|
| 001 | 9905 | ||
| 003 | PGUSA | ||
| 005 | 20140828083217.0 | ||
| 008 | 060201s2006||||xxu|||||s|||||000 | eng d | ||
| 040 |
_aPGUSA _beng |
||
| 042 | _adc | ||
| 050 | 4 | _aPS | |
| 100 | 1 |
_aNorris, Frank, _d1870-1902 |
|
| 245 | 1 | 2 |
_aA Deal in Wheat and other stories of the New and Old West _h[electronic resource] / _cFrank Norris |
| 260 |
_bProject Gutenberg, _c2006 |
||
| 500 | _aIllustrated by Remington, Leyendecker, Hitchcock and Hooper. | ||
| 505 | 0 | _aA Deal in Wheat -- The Wife of Chino -- A Bargain with Peg-Leg -- The Passing of Cock-Eye Blacklock -- A Memorandum of Sudden Death -- Two Hearts That Beat as One -- The Dual Personality of Slick Dick Nickerson -- The Ship That Saw a Ghost -- The Ghost in the Crosstrees -- The Riding of Felipe. | |
| 506 | _aPublic domain in the USA. | ||
| 516 | _aElectronic text | ||
| 653 | _aWestern stories | ||
| 830 | 0 |
_aProject Gutenberg _v9905 |
|
| 856 | 4 | 0 | _uhttp://www.gutenberg.org/ebooks/9905 |
| 942 | _cEB | ||
| 999 |
_c239161 _d239161 |
||